Calciatori e Anno di nascita - Quiz n°26 - Statistics

Statistiche generali
  • Questo quiz è stato fatto 13 volte
  • Il punteggio medio è 5 su 10
Statistiche sulle risposte
Hint Risposta % Corretto
Martin Ødegaard 1998
85%
Dani Alves 1983
69%
Nikola Kalinić 1988
69%
Morgan De Sanctis 1977
54%
Sebastian Giovinco 1987
54%
Ruslan Malinovs'kyj 1993
46%
Presnel Kimpembe 1995
46%
Berat Djimsiti 1993
38%
Vincent Aboubakar 1992
31%
Nabil Fekir 1993
23%
Nessun quiz corrispondente trovato
Distribuzione punteggi
Percentuale di utenti per punteggio
Percentile per numero di risposta
I tuoi punteggi nel tempo
Non hai fatto questo quiz